000 01256cam a2200325 4500
001 ABS64243
008 010806n2001 000 0 eng u
035 _a(Sirsi) u113951
100 _aSayce, S.
245 _aFrom estimate to actuality : is the new leisure dream being realised?
260 _c2001
490 _aJournal of Leisure Property
_v1(3) July 2001, 245-275(31)
520 _aExplores the effects of current market conditions on rent reviews for leisure property, particularly multiplex cinemas, and analyses rental trends to derive meaningful performance measures. Argues that the long-term validity of current lease structures is brought into question by the results, which suggest an increase in disputes between landlords and their tenants. References, graphs, tables.
590 _aABS
650 _aCINEMAS
650 _aCOMMERCIAL LEASES
650 _aLEISURE MARKET
650 _aLEISURE PROPERTY
650 _aMULTIPLEX CINEMAS
650 _aMULTIPLEXES
650 _aRENT REVIEWS
650 _aRENTAL GROWTH
650 _aRETURNS
650 _aTRENDS
650 _aYIELDS
690 _aPROPERTY-COMMERCIAL PROPERTY-COMMERCIAL PROPERTY MARKET
700 _aSmith, J.
700 _aWalker, P.
942 _n0
999 _c67902
_d67902